Digital Business Strategy: How To Design Build And Future Proof A Business In The Digital Age (Record no. 43624)

MARC details
000 -LEADER
fixed length control field 00522nam a22001697a 4500
005 - DATE AND TIME OF LATEST TRANSACTION
control field 20250421123522.0
008 - FIXED-LENGTH DATA ELEMENTS--GENERAL INFORMATION
fixed length control field 250421b |||||||| |||| 00| 0 eng d
020 ## - INTERNATIONAL STANDARD BOOK NUMBER
International Standard Book Number 9783111031798
041 ## - LANGUAGE CODE
Language code of text/sound track or separate title eng
082 ## - DEWEY DECIMAL CLASSIFICATION NUMBER
Classification number 658.4038 CAL
100 ## - MAIN ENTRY--PERSONAL NAME
Author Callan, Garvan
245 ## - TITLE STATEMENT
Title Digital Business Strategy: How To Design Build And Future Proof A Business In The Digital Age
260 ## - PUBLICATION, DISTRIBUTION, ETC.
Place Boston
Publisher De Gruyter
Publication Year 2024
300 ## - PHYSICAL DESCRIPTION
Extent 396;. pages: 24 cm
650 ## - SUBJECT ADDED ENTRY--TOPICAL TERM
Subject Information Technology Management; Strategic Planning
942 ## - ADDED ENTRY ELEMENTS (KOHA)
Koha item type Books
Holdings
Withdrawn status Lost status Source of classification or shelving scheme Damaged status Not for loan Home library Current library Shelving location Accession Date Vendor Price Bill number Total Checkouts Full call number Barcode No Date last seen Bill Date Koha item type Suggested By
    Dewey Decimal Classification     IMTN IMTN Rack 29-A 03/24/2025 Raghav Books Private Limited 3250.35 2374   658.4038 CAL 33622 10/09/2025 04/21/2025 Books Dr. Abhishekh N. Singh
Designed & Maintained by: LRC IMT Nagpur Contact: lrc@imtnag.ac.in© 2024. All Rights Reserved.